000 00455nam a22001337a 4500
008 150326b xxu||||| |||| 00| 0 eng d
050 _aAE 5 .E53 1976 (12)
100 _aEncyclopaedia Britannica, inc.
245 _aThe New Encyclopedia Britannica
260 _aChicago:
_bEncyclopedia Britannica, Inc,
_c1976.
300 _a1100p.: ill.
650 _aEncyclopaedia
942 _2lcc
_cREF_BOOK
_hAE 5 .E53 1976 (12)
_kAE
_m5 .E53 1976 (12)
999 _c44
_d44